000 03739nam0a2200481 4500
001 RU\NLR\BIBL_A\011754295
005 20260407140945.0
020 _aRU
_b16891
_9Сводный каталог листовок первых лет Советской власти (25 октября (7 ноября) 1917 - 1925) Т.6. Листовки органов военного управления отдельных воинских соединений и частей военных организаций и учреждений
035 _a(NLR Aleph) 011754295
090 _a11644027
_c11644027
100 _a20180718j19180918|||y0rusy50 ca
101 0 _arus
102 _aRU
105 _ay z 000zy
135 _acrgn 008apada
200 1 _aПриказ Революционного Военного Совета Республики № 5, 18 сент. 1918 г. "Революционный Военный Совет, в заботах обо всех, отправляющихся на фронт..."
_e[листовка]
210 _aМ.
_c[б. и.]
_d1918, сент., 18
215 _a1 с.
_d33х18
300 _aПодписи: Главнокомандующий всеми вооруженными силами Республики Вацетис; члены Революционного Совета Республики: Данишевский, Смирнов. С подлинным верно: начальник Штаба Революционного Совета Республики
316 _aЭкз. деф.: повреждена подпись
_5NLR
325 1 _aКопия доступна в Электронной библиотеке РНБ
327 1 _aО сохранении квартир семей красноармейцев, отправляющихся на фронт
517 1 _aРеволюционный Военный Совет, в заботах обо всех, отправляющихся на фронт...
540 1 _aО сохранении квартир семей красноармейцев, отправляющихся на фронт
601 0 2 _aРабоче-Крестьянская Красная армия
_c1918 - 1946
_jЛистовки
_92559341
_3RU\NLR\AUTH\661514024
607 _aРСФСР
_jЛистовки
_xПолитика и управление
_y1917 - 1925
_92312782
_3RU\NLR\auth\6601609564
686 0 _aТ3(2)71-313,011
686 0 _aЦ4,6(2),011
702 1 _4720
_7ca
_8rus
_aВацетис
_bИ. И.
_cвоен. деятель
_f1873-1938
_gИоаким Иоакимович
_9200642
_3RU\NLR\AUTH\770200693
702 1 _4720
_7ca
_8rus
_aДанишевский
_bК. Х.
_cреволюционер, воен. и гос. деятель
_f1884-1938
_gКарл Христианович
_9201093
_3RU\NLR\AUTH\770201144
702 1 _4720
_7ca
_8rus
_aСмирнов
_bИ. Н.
_cреволюционер, полит. деятель
_f1881-1936
_gИван Никитич
_9201104
_3RU\NLR\AUTH\770201155
711 0 1 _aРСФСР
_bРеволюционный военный совет
_3RU\NLR\AUTH\8810008431
_9514601
711 0 2 _aГлавнокомандующий всеми вооруженными силами РСФСР
_9641223
_3RU\NLR\AUTH\880490419
852 0 0 _aNLR
_bФЛ
_j6/57
942 _cBOOK
980 _aNB
981 2 1 _a(21) Листовки
_b(21) Листовки 1918 года
981 2 2 _a(22) Материалы по истории России
_b(22) История России с 25 октября (7 ноября) 1917 года